Statistics for Top 15 Countries with Covid-19 Cases - 16 May

Click here to take the quiz!

General Stats

  • This quiz has been taken 19 times
  • The average score is 17 of 24

Answer Stats

country% Correct
China
100%
Spain
100%
United Kingdom
100%
United States
100%
France
95%
Germany
95%
Italy
95%
Brazil
89%
Canada
89%
Russia
89%
Belgium
84%
Portugal
84%
Sweden
84%
India
79%
Ireland
79%
Turkey
74%
Iran
68%
Switzerland
63%
Peru
37%
Belarus
32%
Singapore
32%
Bahrain
21%
Qatar
21%
Kuwait
11%

Score Distribution

Percentile by Number Answered

Percent of People with Each Score

Your Score History

You have not taken this quiz